MARC
| LEADER | 00000cam a2200000 7i4500 | ||
|---|---|---|---|
| 001 | 0000009684 | ||
| 002 | 000010549 | ||
| 005 | 20000330.0 | ||
| 020 | |a 1860350771 | ||
| 090 | 0 | 0 | |a 615.321 |b MCG |
| 100 | 1 | |a Carole, McGilvery | |
| 245 | 1 | 4 | |a The encyclopedia of aromatherapy massage and yoga |c Carole McGilvery ; photography by Sue Atkinson |
| 300 | |a 256p. : |b ill. ; |c 30cm. | ||
| 650 | 0 | 0 | |a Massage |
| 650 | 0 | 0 | |a Yoga |
| 700 | 1 | |a Atkinson, Sue , |e photography | |
| 999 | |a 048803 |b BUKU |c PINJAMAN |e PERPUSTAKAAN KOMUNITI PETALING JAYA | ||